| 000 | 00955nam a22003017a 4500 | ||
|---|---|---|---|
| 001 | 5171 | ||
| 003 | FISKH | ||
| 005 | 20241108123549.0 | ||
| 008 | 241108b cb ||||| |||| 00| 0 eng d | ||
| 020 | _a9780545480949 | ||
| 040 |
_aFISKH _beng _cFISKH _dFISKH |
||
| 050 | _aPZ8.J1383 | ||
| 082 | _a576 | ||
| 100 | _aJacobs, Dubois Paul | ||
| 245 |
_aFire drill / _cPaul DuBois Jacobs and Jennifer Swender illustrated by Huy Voun Lee |
||
| 250 | _aFirst printing in 2012 | ||
| 260 |
_aNew York : _bScholastic, _c2012. |
||
| 300 |
_a30 pages : _bColor illustrations ; _c18 cm |
||
| 505 | _aE | ||
| 520 | _aIn this story told in brief rhyming text, students in a class follow the proper procedures during a fire drill. | ||
| 521 | 8 |
_a180L
_bLexile |
|
| 521 | 8 |
_aE
_bRaz-Plus |
|
| 650 |
_2Firefighters _aFire |
||
| 650 |
_2Picture book _aCommunity helpers |
||
| 700 |
_aLee, Voun Huy _dIllustrator |
||
| 942 |
_2ddc _cBK _n0 |
||
| 999 |
_c5171 _d5171 |
||